ARRUPE JESUIT UNIVERSITY

CORONAVIRUS -STOP THE SPREAD - CLEAN,DISINFECT,COVER

Tchicaya U Tam'si (Record no. 119512)

MARC details
000 -LEADER
fixed length control field 00379nam a22001337a 4500
005 - DATE AND TIME OF LATEST TRANSACTION
control field 20140106124814.0
008 - FIXED-LENGTH DATA ELEMENTS--GENERAL INFORMATION
fixed length control field 140106b xxu||||| |||| 00| 0 eng d
050 ## - LIBRARY OF CONGRESS CALL NUMBER
Classification number PR9377.59
Item number T3S4
100 ## - MAIN ENTRY--PERSONAL NAME
Personal name Moore, Gerald
9 (RLIN) 6517
245 ## - TITLE STATEMENT
Title Tchicaya U Tam'si
Remainder of title selected poems
Statement of responsibility, etc Moore, Gerald
260 ## - PUBLICATION, DISTRIBUTION, ETC. (IMPRINT)
Place of publication, distribution, etc London
Name of publisher, distributor, etc Heinemann
Date of publication, distribution, etc 1970
300 ## - PHYSICAL DESCRIPTION
Extent xvi, 143p.;
Other physical details 19cm.
942 ## - ADDED ENTRY ELEMENTS (KOHA)
Source of classification or shelving scheme Library of Congress Classification
Item type Monograph ( Printed materials)

No items available.

 

Arrupe Library. PO Box MP320 Mt Pleasant, Harare, Zimbabwe
263 242 745411|librarian@aju.ac.zw